Estelas
Saved in:
| Hovedforfatter: | |
|---|---|
| Format: | Bog |
| Sprog: | spansk |
| Udgivet: |
Valparaíso
s.n
1989
|
| Fag: | |
| Tags: |
Tilføj Tag
Ingen Tags, Vær først til at tagge denne postø!
|
MARC
| LEADER | 00000nam a2200000 a 4500 | ||
|---|---|---|---|
| 001 | UCX1632 | ||
| 003 | CL-VaPUC | ||
| 008 | 901005e19890000CL |||||||||||||||||spa|d | ||
| 082 | 0 | 4 | |a Ch861 |b MAR |2 21 |
| 100 | |a Martin Fritz, Carlos |e autor |9 367733 | ||
| 245 | 1 | 0 | |a Estelas |
| 300 | |a 179 p | ||
| 942 | |c BK | ||
| 945 | |d 19901005 00:00:00 | ||
| 260 | |a Valparaíso |b s.n |c 1989 | ||
| 650 | 0 | |a Poesías chilenas |9 265280 | |
| 583 | |a last modification |c 20120708 09:48:28 |k Rodrigo Vera | ||
| 999 | |c 222820 |d 222818 | ||
| 952 | |0 0 |1 0 |4 0 |6 CH_861_000000000000000_MAR_1989 |7 0 |8 A |9 218060 |a BIBEDU |b BIBEDU |d 2019-11-15 |i 2869101 |o Ch861 MAR 1989 |p 2869101 |r 2019-11-15 |w 2019-11-15 |y BK |k LIT | ||